Statistics for Slovenia Country Quiz - Extensive

Click here to take the quiz!

General Stats

  • This quiz has been taken 30 times
  • The average score is 24 of 30

Answer Stats

HintAnswer% Correct
Largest CitiesLjubljana
100%
Neighbouring CountriesAustria
100%
Neighbouring CountriesCroatia
100%
Neighbouring CountriesHungary
100%
Neighbouring CountriesItaly
100%
Colours of Slovenia's flagRed
95%
CurrencyEuro
95%
Sea bordered in the west{Adriatic} Sea
95%
Colours of Slovenia's flagWhite
95%
Colours of Slovenia's flagBlue
95%
Country from which it was the first to split offYugoslavia
95%
Most practiced religionCatholicism
86%
The two mountain ranges on Slovenia's territoryAlps
86%
This happened after which short war?{Ten}-Day War
86%
Largest CitiesMaribor
82%
Highest Mountain (depicted on the coat of arms)Triglav
77%
Colours of Slovenia's flagYellow
77%
Second longest River, flows through PtujDrava / Drau
73%
Largest CitiesKoper
73%
Largest CitiesKranj
73%
Longest RiverSava
73%
Main energy source{Hydro}electricity
68%
Was the first European country to declare an end to this (2020)COVID-19
64%
Third longest River, flows through Graz (Austria)Mura / Mur
59%
Famous alpine skier (overall winner 2012/13)Tina Maze
59%
Largest CitiesCelje
59%
Slovenia's most common vegetation*Forest
59%
Domestic appliance manufacturer famous for fridgesGorenje
55%
The two mountain ranges on Slovenia's territoryDinarides
50%
Largest export although not having its own brandCars
32%

Score Distribution

Percentile by Number Answered

Percent of People with Each Score

Your Score History

You have not taken this quiz